| 000 | 03166cam a22006254i 4500 | ||
|---|---|---|---|
| 003 | PE-LiUPU | ||
| 005 | 20250731170450.0 | ||
| 008 | 150706s2008 sp a rb 000 0 spa d | ||
| 020 | _a847978850X | ||
| 020 | _a9788479788506 | ||
| 035 | _a(Sirsi) i9788479788506 | ||
| 040 |
_aPE-LiUPU _bspa _cPE-LiUPU _dPE-LiUPU _erda |
||
| 049 | _aPRUA | ||
| 082 | 0 | 4 |
_a152.46 _bB15 _221 |
| 245 | 0 | 0 |
_aHigiene y prevención de la ansiedad / _ceditores, J. Carlos Baeza Villarroel, Gemma Balaguer Fort, Noemí Guillamón Cano. |
| 264 | 1 |
_aMadrid : _bDiaz de Santos, _c2008. |
|
| 300 |
_a187 páginas : _bilustraciones ; _c24 centímetros |
||
| 336 |
_atext _2rdacontent |
||
| 337 |
_aunmediated _2rdamedia |
||
| 338 |
_avolume _2rdacarrier |
||
| 504 | _aIncluye bibliografía. | ||
| 505 | 0 | _a¿De qué hablamos? -- ¿Qué es esto? la ansiedad un mecanismo ¿adaptativo? de defensa -- ¿Cómo es eso? La ansiedad: un modelo explicativo -- ¿Qué me está pasando? La ansiedad: el porqué de los síntomas -- ¿Por qué a mí? La ansiedad: biología, aprendizaje, personalidad, circunstancias y recursos -- Algunos compañeros de viaje: depresión, estrés -- Procedimientos: ¿Qué hacer al respecto? -- Hábitos y procedimientos para regular la ansiedad y prevenir sus alteraciones -- Pensamiento y ansiedad -- Ansiedad, autoestima, asertividad y disposición de apoyos sociales -- Gestión del tiempo y resolución de problemas -- ansiedad y respiración -- Exponerse a los miedos para superarlos -- Ejercicio físico y ansiedad -- Alimentación y ansiedad -- Sueño y ansiedad -- consumo de drogas y ansiedad -- Ansiedad y soluciones boomerang -- Ansiedad y ámbito sociofamiliar -- Educando a los niños para prevenir la ansiedad -- Cómo pueden ayudar los familiares -- ¿Dónde acudir llegado el caso? Tratamientos que funcionan -- Cuándo consultar -- Tratamientos psicológicos -- Tratamientos farmacológicos -- Tratamientos combinados. | |
| 526 | _aSEG68 | ||
| 526 | _aSEG70 | ||
| 526 | _aSEG69 | ||
| 526 | _aSEG67 | ||
| 526 | _aSEG43 | ||
| 526 | _aP144 | ||
| 526 | _aP143 | ||
| 526 | _aP131 | ||
| 526 | _aP122 | ||
| 526 | _aP120 | ||
| 526 | _aP117 | ||
| 526 | _aP112 | ||
| 526 | _aP110 | ||
| 526 | _aP106 | ||
| 526 | _aP101 | ||
| 526 | _aP80 | ||
| 526 | _aP59 | ||
| 526 | _aP54 | ||
| 526 | _aP35 | ||
| 526 | _aP33 | ||
| 526 | _aP30 | ||
| 541 | _g001-0031615; | ||
| 650 | 0 | 4 | _aTrastornos de ansiedad. |
| 700 | 1 |
_aBaeza Villarroel, J. Carlos, _eeditor. |
|
| 700 | 1 |
_aBalaguer Fort, Gemma, _eeditor. |
|
| 700 | 1 |
_aGuillamón Cano, Noemí, _eeditor. |
|
| 910 |
_bjv _clch _d20100615 |
||
| 942 |
_2ddc _cBOOK |
||
| 949 |
_a152.46 B15 _wDEWEY _c1 _i61797 _d2016-9-30 _e2016-9-28 _lCCODEBUL1 _mBUL _n7 _p40.00 _r0 _sY _tBOOK _u2015-7-6 _xSALUD _PP33 _0COMPRA _o.STAFF. Colección Ciencias de la Salud |
||
| 994 |
_aC0 _bPEPRU |
||
| 596 | _a1 | ||
| 999 |
_a152.46 B15 _wDEWEY _c51006 _i61797 _d51006 _e2019-11-14 _f2021-11-3 _g5 _lCCODEBUL1 _mBUL _n10 _p40.00 _q2 _r0 _sY _tBOOK _u2015-7-6 _xSALUD _zP33 _0COMPRA _o.STAFF. Colección Ciencias de la Salud |
||
| 980 |
_81 _gALBERTO SANCHEZ Responsable de Automatización |
||